Vastausten ketju - Statistics

Yleistilastot
  • Tätä visaa on pelattu 3 632 kertaa
  • Keskiarvotulos 16 / 30
Vastaustilastot
Hint Vastaus % Oikein
Maailman toiseksi väkirikkain valtio on ... Kiina
88%
jonka rajanaapuri on ... Venäjä
88%
joka isännöi olympialaisia vuonna ... 1936
86%
joka omaksui ensimmäisen maailmansodan jälkeen tämän ... kommunismi
83%
joka perustuu hänen filosofiaansa ... Karl Marx
81%
joka on hänen syntymävuotensa ... paavi Franciscus
64%
jossa puhuttu kieli on ... espanja
58%
joka kuuluu tällaisten kielten ryhmään ... romaaninen
56%
joka syntyi täällä ... Saksa
56%
ja operaatiota suunnitteli tämä henkilö ... Churchill
55%
joka kuuluu tähän kielikuntaan ... uralilainen
55%
jonka nykyisessä nimessä esiintyy sana ... demokraattinen
53%
joka kolonisoi tätä valtiota ... Kongo
50%
johon kuuluu myös ... suomi
50%
joka johti tätä maata ... Iso-Britannia
49%
jonka kotimaa on ... Argentiina
47%
jonka rajanaapurissa puhutaan tätä kieltä ... unkari
44%
jonka ensimmäinen johtaja oli ... Washington
44%
johon kuuluu myös ... ranska
43%
joka oli hallitusmuoto antiikissa tämän nykyisen valtion alueella .... Kreikka
42%
joka on myös antiikin kaupunki, jossa palvottiin jumalaa ... Zeus
41%
joka hävisi sodan tälle maalle, joka julistautui itsenäiseksi vuonna 1776 ... Yhdysvallat
40%
jonka rajanaapuri on ... Slovenia
38%
joka on yksi kolmesta virallisesta kielestä tässä maassa ... Belgia
37%
joka on tämän maan pääkaupunki ... Italia
36%
joka kävi ensimmäisen maailmansodan aikaisen taistelun täällä ... Gallipoli
35%
joka tunnetaan myös nimellä ... Jupiter
35%
joka nykyisenä valtiona itsenäistyi tästä ... Osmanien valtakunta
35%
joka oli hänen nimensä tässä muinaisessa valtakunnassa ... Rooma
31%
joka on myös osavaltio, jonka pääkaupunki on ... Olympia
30%
Ehtoja vastaavia visoja ei löytynyt
Tulosjakauma
Jokaisen tuloksen saaneiden osuus
Persentiili vastausten määrän mukaan
Tuloshistoriasi
Et ole pelannut tätä visaa